Bayern München: Alle Torschützen der 2000er - Statistiken

Allgemein
  • Dieses Quiz wurde 448 mal gespielt
  • Das Durchschnittsergebnis liegt bei 33 aus 48
Antwortstatistiken
Pos. Nat. Spieler % Korrekt
MIT NED Arjen Robben
92%
MIT GER Bastian Schweinsteiger
91%
MIT FRA Franck Ribery
90%
ST ITA Luca Toni
89%
ST PER Claudio Pizarro
88%
VER GER Philipp Lahm
87%
ST GER Miroslav Klose
85%
VER BEL Daniel van Buyten
84%
ST BRA Giovanne Elber
84%
ST CRO Ivica Olic
82%
ST NED Roy Makaay
82%
VER ARG Martin Demichelis
81%
VER FRA Willy Sagnol
81%
VER FRA Bixente Lizarazu
79%
ST GER Lukas Podolski
79%
ST PAR Roque Santa Cruz
79%
MIT NED Mark van Bommel
78%
ST GER Thomas Müller
78%
MIT TUR Hamit Altintop
77%
VER BRA Lucio
77%
VER GHA Samuel Kuffour
75%
MIT GER Stefan Effenberg
75%
ST GER Mario Gomez
74%
MIT GER Michael Ballack
74%
VER SWE Patrik Andersson
74%
MIT BIH Hasan Salihamidzic
72%
MIT ENG Owen Hargreaves
72%
MIT GER Mehmet Scholl
70%
ST GER Carsten Jancker
69%
MIT BRA Ze Roberto
69%
MIT CRO Niko Kovac
59%
ST PER Paolo Guerrero
59%
ST GER Alexander Zickler
58%
MIT IRN Ali Karimi
58%
MIT BRA Paulo Sergio
58%
MIT GER Andreas Ottl
55%
VER GER Christian Lell
55%
MIT ARG Jose Sosa
54%
MIT GER Torsten Frings
54%
VER GER Holger Badstuber
52%
MIT GER Jens Jeremies
52%
VER CRO Danijel Pranjic
51%
MIT GER Sebastian Deisler
50%
MIT GER Tim Borowski
48%
MIT SUI Ciriaco Sforza
45%
MIT GER Michael Tarnat
34%
MIT GER Thorsten Fink
31%
MIT GER Piotr Trochowski
27%
Keine übereinstimmenden Quizze gefunden
Verteilung der Resultate
Anzahl Personen mit jedem Resultat
Perzentil nach korrekt beantworteten Fragen
Ihre Resultats-Entwicklung
Sie haben dieses Quiz noch nicht gespielt